000 01078nam a22002897a 4500
008 130821s2001 sp gr spa
020 _a8420667498
040 _aCo-BoUCM
_bspa
041 0 0 _aspa
100 1 _aHeidegger, Martin
_d1889-1976
_951143
245 1 0 _aHitos
_cMartin Heidegger ; versión castellana Helena Cortés y Arturo Leyte.
260 _aMadrid (España)
_bAlianza Editorial
_c2001
300 _a392 páginas
490 _aEl Libro Universitario
490 _aFilosofía y Pensamiento.
_pEnsayo
_n146
504 _aIncluye índice.
650 0 4 _aFenomenología
_vEnsayos, conferencias, etc.
_915640
650 0 4 _aFilosofía alemana
_vEnsayos, conferencias, etc.
_9201
650 0 4 _aFilosofía
_975
650 0 4 _aHumanismo
_vEnsayos, conferencias, etc.
_9102687
650 0 4 _aMetafísica
_vEnsayos, conferencias, etc.
_919397
700 1 _aCortés Gabaudan, Helena
_d1962-
_etrad.
_9171698
700 1 _aLeyte Coello, Arturo
_d1956-
_etrad.
_9171699
765 _tWegmarken
942 _cLIBRO
_a2
_e1
_mH465h
_2DEWEY
_h193
999 _c91634
_d91634